[Event "GER-chT U12"]
[Site "Magdeburg"]
[Date "2018.12.28"]
[Round "3.2"]
[White "Kiefhaber, Julius"]
[Black "Andrei, Quentin"]
[Result "0-1"]
[WhiteElo "1417"]
[BlackElo "1219"]
[PlyCount "122"]
[EventDate "2018.12.27"]
[EventType "team-swiss"]
[EventRounds "7"]
[EventCountry "GER"]
[SourceTitle "CBM 188 Extra"]
[Source "ChessBase"]
[SourceDate "2019.02.28"]
[SourceVersion "1"]
[SourceVersionDate "2019.02.28"]
[SourceQuality "1"]
[WhiteTeam "Karlsruhe SF"]
[BlackTeam "Bebenhausen"]
[WhiteTeamCountry "GER"]
[BlackTeamCountry "GER"]

1. e4 e6 2. d4 d5 3. exd5 exd5 4. Nf3 Bd6 5. Bd3 Nf6 6. 0-0 0-0 7. Re1 Bg4 8. c3 Nbd7 9. Nbd2 c6 10. Nf1 Re8 11. Rxe8+ Qxe8 12. h3 Bh5 13. Bd2 Nf8 14. Ng3 Bg6 15. Qc2 Bxd3 16. Qxd3 Qb8 17. Nf5 Bf4 18. Bxf4 Qxf4 19. Ne5 g6 20. Ne7+ Kg7 21. Re1 Ne4 22. Qe2 Qf6 23. f3 Nxc3 24. bxc3 Qxe7 25. f4 Re8 26. Kf1 f6 27. Nd3 Qxe2+ 28. Rxe2 Rxe2 29. Kxe2 Ne6 30. Ke3 b6 31. Nb4 Nd8 32. g4 a5 33. Na6 Kf7 34. Nc7 Ke7 35. Na8 b5 36. Nc7 Nb7 37. f5 gxf5 38. gxf5 Nd6 39. Kf4 Ne4 40. a4 bxa4 41. c4 Nc3 42. Ne6 a3 43. Nc5 a2 44. Nb3 Ne2+ 45. Ke3 Nc1 46. Na1 dxc4 47. Nc2 Nb3 48. h4 a1Q 49. Nxa1 Nxa1 50. Kd2 Kd6 51. Kc3 Kd5 52. h5 Nb3 53. h6 Nxd4 54. Kb2 Kc5 55. Kc3 a4 56. Kb2 Kb4 57. Kb1 c3 58. Kc1 Nxf5 59. Kb1 Kb3 60. Ka1 a3 61. Kb1 c2+ 0-1